000 00727nac a22002171u 4500
003 EG-ScBUE
005 20221110063808.0
008 221110t2000 enkab f 000 0 eng d
020 _a0500341788.
040 _aEG-ScBUE
_beng
_erda
_cEG-ScBUE
_dEG-ScBUE
082 0 4 _a720.949209
_bLOO
_222
100 1 _aLootsma, Bart,‏
_d1957-
_eauthor.
245 1 0 _aSuperdutch :
_bnew architecture in the Netherlands /
_cBart Lootsma.
264 1 _aLondon :
_bThames & Hudson,
_c[2000]
264 4 _cc2000
300 _a264 pages :
_billustrations (chiefly color), maps (some color) ;
_c23 cm
650 7 _aArchitecture
_zNetherlands
_y20th century.
_2BUEsh
653 _bENGARC
655 _vReading book
_934232
942 _cBB
_2ddc
999 _c3175
_d3175